Sinh thái học và bảo vệ môi trường /
Sinh thái, hệ sinh thái; Quy luật sinh thái; Sinh thái học nguồn nước, công trình xử lý nước thải, đô thị; Tác động môi trường, các biện pháp bảo vệ môi trường; Ô nhiễm và bảo vệ nguồn nước, khí quyển, đất, chất phóng xạ và ô nhiễm môi trường....
Wedi'i Gadw mewn:
| Prif Awdur: | |
|---|---|
| Awduron Eraill: | |
| Fformat: | Llyfr |
| Iaith: | Vietnamese |
| Cyhoeddwyd: |
Hà Nội :
Xây dựng,
1999.
|
| Pynciau: | |
| Tagiau: |
Ychwanegu Tag
Dim Tagiau, Byddwch y cyntaf i dagio'r cofnod hwn!
|
| Thư viện lưu trữ: | Mạng thư viện Đại học Đà Nẵng |
|---|
| LEADER | 02301cam a2200457 a 4500 | ||
|---|---|---|---|
| 001 | 000043653 | ||
| 003 | 1671 | ||
| 005 | 20220819154533.0 | ||
| 008 | 010217b1999 vm 000 vie | ||
| 020 | |c 28000 | ||
| 040 | |a LRCC |c LRCC |d LRCC | ||
| 041 | 0 | |a vie | |
| 082 | 1 | 4 | |a 363.7 |b NG-T |
| 100 | 1 | |a Nguyễn Thị Kim Thái, |c PTS. | |
| 245 | 1 | 0 | |a Sinh thái học và bảo vệ môi trường / |c Nguyễn Thị Kim Thái, Lê Hiền Thảo. |
| 264 | 1 | |a Hà Nội : |b Xây dựng, |c 1999. | |
| 300 | |a 182 tr. ; |c 27 cm. | ||
| 520 | 3 | |a Sinh thái, hệ sinh thái; Quy luật sinh thái; Sinh thái học nguồn nước, công trình xử lý nước thải, đô thị; Tác động môi trường, các biện pháp bảo vệ môi trường; Ô nhiễm và bảo vệ nguồn nước, khí quyển, đất, chất phóng xạ và ô nhiễm môi trường. | |
| 526 | 0 | |a Kỹ thuật môi trường | |
| 526 | 0 | |a Quản lý tài nguyên và môi trường | |
| 630 | 0 | 4 | |a Môi trường. |
| 630 | 0 | 4 | |a Sinh thái. |
| 650 | 0 | 4 | |a Môi trường |x Bảo vệ. |
| 650 | 0 | 4 | |a Sinh thái học. |
| 700 | 1 | |a Lê Hiền Thảo. | |
| 910 | |a NTMHA | ||
| 911 | |a DUT | ||
| OWN | |a DUT | ||
| AVA | |a UDN50 |b DUT |c Book |d 363.7 NG-T |e check_holdings |t Error 5003 Not defined in file expand_doc_bib_avail. |h N |j SH |k 1 | ||
| Z40 | 3 | |y Sinh thái học và bảo vệ môi trường |l Library of DUT |t VIEW |x http://catalog.udn.vn:80/F?func=service&doc_library=UDN01&local_base=UDN01&doc_number=000043653&sequence=000001&line_number=0001&func_code=DB_RECORDS&service_type=MEDIA |f 8.SA.43653_000018329.pdf |e pdf |s 063749444 |k 20220819 |m NTMHA | |
| 999 | |a From the UDN01 | ||
| AVA | |a UDN50 |b DUT |c Book |d 363.7 NG-T |e available |t Error 5001 Not defined in file expand_doc_bib_avail. |f 14 |g 1 |h N |i 9 |j SH |k 1 | ||
| TYP | |a Monograph | ||
| TYP | |a Printed language | ||
| 856 | |y Sinh thái học và bảo vệ môi trường |l Library of DUT |t VIEW |x http://catalog.udn.vn:80/F?func=service&doc_library=UDN01&local_base=UDN01&doc_number=000043653&sequence=000001&line_number=0001&func_code=DB_RECORDS&service_type=MEDIA |f 8.SA.43653_000018329.pdf |e pdf |s 063749444 |k 20220819 |m NTMHA | ||
| 980 | |a Mạng thư viện Đại học Đà Nẵng | ||